000 01880nam a2200325 i 4500
003 EG-GICUC
005 20260123170619.0
008 260123s2007 ua ||||fr|||| 00| 0 ara d
017 _a2007/25783
040 _a EG-GICUC
_bara
_c EG-GICUC
_d EG-GICUC
_erda
041 0 _aara
082 0 4 _221
_a345.68
_bم ح . ض
092 0 4 _221
099 _aLaw1 07 345.68 م ح . ض 2007
100 0 _aمحمد ماهر أبو العينين
_eمؤلف.
245 1 0 _aضوابط مشروعية القرارات الإدارية وفقا للمنهج القضائي :
_bدراسة تحليلية وفقهية لأحكام وفتاوى مجلس الدولة في مصر.
_pالكتاب الثالث،
_nنهاية القرات الإدارية /
_cالمستشار الدكتور محمد ماهر أبو العينين.
264 3 _aالقاهرة :
_bدار أبو المجد،
_c2007.
300 _a836 صفحة؛
_c24 سم.
336 _2rda content
_atext
337 _2rda media
_aComputer
338 _2rda carrier
_aOnline Resource
504 _aيشتمل على إرجاعات ببليوجرافية.
505 _aدراسة تحليلية وفقهية لأحكام وفتاوى مجلس الدولة في مصر . ضوابط وميعاد سحب القرارات التنظيمية والفردية والتراخيص. الإلغاء القضائي للقرارات الإداري. الآثار المترتبه على إلغاء القرارات الإدارية قضائياً. الإلغاء الإدارى للقرار - مفهوم القرار المضاد. قاعدة تقابل الشكليات.
546 _aالنص باللغة العربية
650 1 4 _aنهاية القرات الإدارية
650 1 4 _aالقانون الإداري
856 4 0 _uhttps://fll.law.cu.edu.eg/fulltext/bks/B07-02114.pdf
905 _a32
942 _2ddc
_cBK
_e21
_n0
999 _c58797
_d58797